Rzeczowniki na literę L - Statystyki

Ogólne statystyki
  • Ten quiz został rozwiązany 71 razy
  • Średni wynik to 57 z 94
Statystyki odpowiedzi
Odpowiedź % Poprawnych
las
94%
lód
94%
los
94%
lampa
90%
lis
90%
lit
90%
lęk
88%
list
88%
lot
88%
ląd
86%
lato
86%
len
86%
leń
86%
lew
86%
lipa
86%
lok
86%
lupa
84%
lawa
82%
lekarz
82%
lizak
82%
lama
80%
latawiec
80%
lilia
80%
lalka
78%
litera
78%
lada
76%
laska
76%
logo
76%
lustro
76%
laboratorium
72%
lakier
72%
latarnia
72%
lep
72%
limonka
72%
lawina
70%
liczba
70%
listonosz
70%
lodówka
70%
lokal
70%
lejek
68%
lina
68%
lufa
68%
luka
68%
lekarstwo
66%
lemur
66%
lornetka
66%
lotka
66%
lampart
64%
literatura
64%
lotnisko
64%
licznik
62%
liga
62%
lont
62%
loteria
60%
labirynt
58%
lawenda
58%
litr
58%
lasso
56%
laweta
56%
likier
56%
lodowisko
56%
linia
54%
linijka
54%
liść
52%
lekcja
50%
liceum
50%
liczydło
50%
limuzyna
50%
listwa
50%
lokalizacja
50%
lament
48%
leczo
48%
lektor
48%
logopeda
48%
lokomotywa
48%
larwa
46%
landrynka
42%
laptop
42%
leżak
42%
laurka
40%
lektura
40%
login
38%
lukrecja
38%
lunatyk
34%
loża
30%
lumpeks
28%
leniwiec
22%
laktoza
20%
lekkoatletyka
12%
logika
10%
legenda
8%
licytacja
8%
litość
6%
logistyka
6%
Nie znaleziono quizów pasujących do podanych kryteriów
Rozkład punktacji
Procent ludzi z każdym wynikiem
Percentyl według liczby udzielonych odpowiedzi
Twoja historia wyników
Nie rozwiązałeś tego quizu